| 000 | 00602nam a2200193Ia 4500 | ||
|---|---|---|---|
| 008 | 240925s9999 xx 000 0 und d | ||
| 020 | _a9783030036706 | ||
| 082 | _a338.9 GAU | ||
| 100 | _a Gautam, Rana S. | ||
| 245 | 0 | _aHuman rights practices during financial crises | |
| 250 | _aN/A | ||
| 260 |
_aNew York: _bPalgrav Macmillan _c,2019. |
||
| 300 |
_a102p. _bNA _fOriginal |
||
| 500 | _aIncludes Index | ||
| 600 | _aSocial Sciences | ||
| 650 | _aSocial Sciences | ||
| 856 |
_uhttps://drive.google.com/file/d/1PbD_bO9ro4A12vbTqDGiKAmkDh_L1Y2A/view?usp=sharing _yClick here for PDF |
||
| 942 | _cBK | ||
| 999 |
_c18327 _d18327 |
||